Flora & Ulysses : (Record no. 1570)

MARC details
000 -LEADER
fixed length control field 01344cam a22003377a 4500
005 - DATE AND TIME OF LATEST TRANSACTION
control field 20230907101036.0
020 ## - INTERNATIONAL STANDARD BOOK NUMBER
International Standard Book Number 9780545850070
040 ## - CATALOGING SOURCE
Original cataloging agency YDXCP
Language of cataloging eng
Transcribing agency YDXCP
Modifying agency BTCTA
-- BDX
-- O2C
-- XY4
-- OCLCO
-- NYP
-- IEP
-- MNE
-- TMI
-- DLC
050 00 - LIBRARY OF CONGRESS CALL NUMBER
Classification number PZ7.D5455
Item number Fl 2013
082 ## - DEWEY DECIMAL CLASSIFICATION NUMBER
Classification number Fic
100 1# - MAIN ENTRY--PERSONAL NAME
Personal name DiCamillo, Kate,
Relator term author.
245 10 - TITLE STATEMENT
Title Flora & Ulysses :
Remainder of title the illuminated adventures /
Statement of responsibility, etc. Kate DiCamillo ; illustrated by K.G. Campbell.
246 3# - VARYING FORM OF TITLE
Title proper/short title Flora and Ulysses
250 ## - EDITION STATEMENT
Edition statement 1st ed.
260 ## - PUBLICATION, DISTRIBUTION, ETC.
Place of publication, distribution, etc. Somerville, Mass. :
Name of publisher, distributor, etc. Scholastic
Date of publication, distribution, etc. 2013
300 ## - PHYSICAL DESCRIPTION
Extent 231 pages :
Other physical details illustrations ;
Dimensions 21 cm
500 ## - GENERAL NOTE
General note "A Junior Library Guild Selection"--Jkt flap.
505 ## - FORMATTED CONTENTS NOTE
Formatted contents note K <br/>
520 ## - SUMMARY, ETC.
Summary, etc. Rescuing a squirrel after an accident involving a vacuum cleaner, comic-reading cynic Flora Belle Buckman is astonished when the squirrel, Ulysses, demonstrates astonishing powers of strength and flight after being revived.
521 ## - TARGET AUDIENCE NOTE
Target audience note 520 <br/>
Source Lexile <br/>
521 ## - TARGET AUDIENCE NOTE
Target audience note K <br/>
Source Raz-Plus <br/>
650 #0 - SUBJECT ADDED ENTRY--TOPICAL TERM
Topical term or geographic name entry element Squirrels
Form subdivision Juvenile fiction.
650 #0 - SUBJECT ADDED ENTRY--TOPICAL TERM
Topical term or geographic name entry element Girls
Form subdivision Juvenile fiction.
650 #0 - SUBJECT ADDED ENTRY--TOPICAL TERM
Topical term or geographic name entry element Superheroes
Form subdivision Juvenile fiction.
655 #0 - INDEX TERM--GENRE/FORM
Genre/form data or focus term Adventure stories.
655 #7 - INDEX TERM--GENRE/FORM
Genre/form data or focus term Fantasy fiction.
Source of term gsafd
700 1# - ADDED ENTRY--PERSONAL NAME
Personal name Campbell, K. G.
Fuller form of name (Keith Gordon),
Dates associated with a name 1966-
Relator term illustrator.
906 ## - LOCAL DATA ELEMENT F, LDF (RLIN)
a 7
b cbc
c copycat
d 2
e ncip
f 20
g y-gencatlg
942 ## - ADDED ENTRY ELEMENTS (KOHA)
Source of classification or shelving scheme Dewey Decimal Classification
Koha item type Books
Suppress in OPAC No
999 ## -
-- 1570
-- 1570
Holdings
Withdrawn status Lost status Source of classification or shelving scheme Damaged status Not for loan Collection Home library Current library Shelving location Date acquired Total Checkouts Full call number Barcode Date last seen Price effective from Koha item type
    Dewey Decimal Classification     Juvenile Fiction Footprints International School Library Network Toul Kork Campus Footprints International School Library Network Toul Kork Campus   09/07/2023   DIC Fic PZ7.D5455 FISSE00891 09/07/2023 09/07/2023 Books